| 000 | 00635nam a2200229 a 4500 | ||
|---|---|---|---|
| 005 | 20230602063702.0 | ||
| 008 | 991125s1990 mx 000 0 spa u | ||
| 020 | _a9684932162 | ||
| 035 | _aUPN01000029190 | ||
| 049 | _aCG | ||
| 050 | 4 |
_aPQ7297 M47 _bI4.2 |
|
| 100 | 1 |
_aMolina, Silvia, _d1946- _929354 |
|
| 245 | 1 | 0 |
_aImagen de Héctor / _cSilvia Molina |
| 260 |
_aMéxico : _bCal y Arena, _c1990 |
||
| 300 |
_a150 p. : _bfots. |
||
| 600 | 1 | 4 | _aPEREZ MARTINEZ, HECTOR, 190- |
| 650 | 4 |
_aNovela mexicana _94557 |
|
| 902 | _aMEM MARIA ELENA MARTINEZ | ||
| 902 | _aULISES MORALES MARTINEZ | ||
| 904 |
_aAC _b029191 |
||
| 905 | _aLibro | ||
| 999 |
_c29190 _d29190 |
||